Library of the University of Algiers 3
Ibrahim Sultan Cheibout
شعار جامعة الجزائر 3
مكتبة جامعة الجزائر 3
إبراهيم سلطان شيبوط

Handout In Microeconomics 1 : (رقم التسجيلة. 41500)

تفاصيل مارك
000 -LEADER
fixed length control field 01262nam a2200205Ia 4500
003 - CONTROL NUMBER IDENTIFIER
control field Ost
005 - DATE AND TIME OF LATEST TRANSACTION
control field 20260426125804.0
008 - FIXED-LENGTH DATA ELEMENTS--GENERAL INFORMATION
fixed length control field 260426s9999||||xx |||||||||||||| ||und||
040 ## - CATALOGING SOURCE
Transcribing agency fsecg
041 ## - LANGUAGE CODE
Language code of text/sound track or separate title eng
082 ## - DEWEY DECIMAL CLASSIFICATION NUMBER
Classification number 338.5
100 ## - MAIN ENTRY--PERSONAL NAME
Personal name Touat, Othmane
Relator term Author
245 #0 - TITLE STATEMENT
Title Handout In Microeconomics 1 :
Remainder of title lectures and exercises /
Statement of responsibility, etc. Othmane Touat
260 ## - PUBLICATION, DISTRIBUTION, ETC.
Place of publication, distribution, etc. Algiers :
Name of publisher, distributor, etc. University of Algiers 3 Faculty of Economics Commercial Sciences and Management,
Date of publication, distribution, etc. 2023
300 ## - PHYSICAL DESCRIPTION
Extent 135 paper,
Dimensions 12 cm
520 ## - SUMMARY, ETC.
Summary, etc. This handout offers an introduction to microeconomics, aiming to provide a comprehensive understanding of individual economic behavior. It outlines a 15-week syllabus covering fundamental concepts like supply and demand, consumer analysis, and other key microeconomic theories. The resource is designed to be beneficial for both students and professors, providing students with a clear learning path and professors with supplementary teaching materials. The goal is to equip learners with the analytical skills needed to navigate economic decision-making at the individual level.
653 ## - INDEX TERM--UNCONTROLLED
Uncontrolled term Microeconomics
710 ## - ADDED ENTRY--CORPORATE NAME
Corporate name or jurisdiction name as entry element University of Algiers 3 Faculty of Economics Commercial Sciences and Management
Relator term Scientific publisher
942 ## - ADDED ENTRY ELEMENTS (KOHA)
Koha item type مطبوعات
المقتنيات
Withdrawn status Lost status Source of classification or shelving scheme Damaged status Not for loan Home library Current library Date acquired Serial enumeration / chronology Inventory number Total checkouts Full call number Barcode Date last seen Price effective from Koha item type
    Dewey Decimal Classification   NOT LOAN / إعارة داخلية مكتبة كلية العلوم الإقتصادية والعلوم التجارية وعلوم التسيير مكتبة كلية العلوم الإقتصادية والعلوم التجارية وعلوم التسيير 26/04/2026 Second floor Po.879-1   Po.878 exp1 Po.879-1 26/04/2026 26/04/2026 مطبوعات

موارد الويب المفتوحة


© University of Algiers 3 All Rights Reserved
|
Implemented by LECHELAH Riad